| 000 | 00620nas a2200229 4500 | ||
|---|---|---|---|
| 001 | BR0706006 | ||
| 003 | BR-BrBNA | ||
| 005 | 20231205111235.0 | ||
| 007 | ta | ||
| 008 | 230509b bl.|||p| |||| 00| 00por d | ||
| 040 |
_aBR-BrBNA _bpor _cBiblioteca Nacional de Agricultura |
||
| 041 | _a(Pt) | ||
| 072 | _aL73 | ||
| 100 | 1 | _aMundim, M.J.S. | |
| 100 | 1 | _aCury, M.C. | |
| 245 | 1 | _aGiardíase canina | |
| 650 | _aCÃO | ||
| 650 | _aGIARDÍASE | ||
| 773 | 0 |
_tVeterinária Notícias (Brazil) _xISSN 0104-3463 _g(2003), v. 9(2) p. 137-147 _wBR0706006 |
|
| 909 |
_a202311 _bLúcia _c55 _dLúcia Elande |
||
| 942 |
_2AGRIS _n0 _cANA |
||
| 999 |
_c191559 _d191559 |
||